[Event "Pan American-ch U20"]
[Site "Vila Santa Cecilia"]
[Date "2023.11.06"]
[Round "1.6"]
[White "Filgueiras, Nathan Felipe"]
[Black "Nascimento, Luiz Eduardo Da Tri"]
[Result "1-0"]
[WhiteElo "2323"]
[BlackElo "1877"]
[PlyCount "51"]
[EventDate "2023.11.06"]
[EventType "swiss"]
[EventRounds "9"]
[EventCountry "BRA"]
[SourceTitle "CB46_2023"]
[SourceDate "2023.11.15"]
[SourceVersion "1"]
[SourceVersionDate "2023.11.15"]
[SourceQuality "1"]

1. e4 c5 2. Nf3 d6 3. d4 cxd4 4. Nxd4 Nf6 5. Nc3 a6 6. h3 e5 7. Nde2 Nc6 8. g4 h6 9. Bg2 b5 10. Be3 Be6 11. Ng3 g6 12. Qd2 Na5 13. b3 Rc8 14. 0-0 Nb7 15. Nd5 Bxd5 16. exd5 Qc7 17. Rac1 Be7 18. Bxh6 Nc5 19. Be3 Qb7 20. c4 b4 21. f4 e4 22. Bd4 Kd7 23. Rce1 Rhe8 24. g5 Nh5 25. Nxh5 gxh5 26. h4 1-0